000 00588nam a22001817a 4500
999 _c15045
_d15045
003 OSt
082 _2631.56 ANJ/ST
088 _aP 281
100 _aANJALI V
_aHAFISA HAMEED
_93875
245 _aStudies on vacuum drying of coconut
260 _aTavanur 2014
_bDepartment of Post-Harvest Technology and Agricultural Processing
300 _a40
500 _aStudies on vacuum drying of coconut
520 _aStudies on vacuum drying of coconut
700 _aDr. Prince M. V (Guide)
_93452
856 _uhttps://drive.google.com/open?id=1G0_LNP6eq_Ckshx_zS2DPokAcABjcIHd
942 _cPR